00939nam a2200253Ia 4500003000400000005001700004006001800021007000300039008004100042024001100083037002600094040001800120041001300138082002300151100002200174245011200196260004600308300004300354490010900397500002400506942002700530999001900557952010900576OSt20220927105651.0a|||||r|||| 00| 0ta220926b |||||||| |||| 00| 0 eng d a194602 cReference Collections aRTLcRTLbeng 2engaeng a"X:8C.2.N8, P7/Th" aMODA Renu9374114 0aHarmonisation of financial accounting and reporting practicesb A comparative analysis of select countries. a"Delhi,"bUniversity of Delhi. c2007 a"ix, 294p Bibliography: P 280-94"ccm. a"Thesis, University of Delhi, Commerce (Deptt. of-). University of Delhi, Commerce (Deptt. of-), Thesis" aNote: Acc. from CRL h"X:8C.2.N8, P7/Th"cCC c693808d693808 00104070aRTLbRTLd2022-09-27l0o"X:8C.2.N8 P7/Th"pRTTH015499r2022-09-27 00:00:00w2022-09-27yref